| 000 -LEADER |
| fixed length control field |
00375nam a2200145Ia 4500 |
| 008 - FIXED-LENGTH DATA ELEMENTS--GENERAL INFORMATION |
| fixed length control field |
180802s9999||||xx |||||||||||||| ||und|| |
| 020 ## - INTERNATIONAL STANDARD BOOK NUMBER |
| International Standard Book Number |
9781454926535 |
| 082 ## - DEWEY DECIMAL CLASSIFICATION NUMBER |
| Classification number |
745.4 |
| Item number |
BRI/B |
| 100 ## - MAIN ENTRY--PERSONAL NAME |
| Personal name |
Bridgman, George B. |
| 245 #0 - TITLE STATEMENT |
| Title |
Bridgman's Complete Guide to Drawing from Life |
| 250 ## - EDITION STATEMENT |
| Edition statement |
5th Edition |
| 260 ## - PUBLICATION, DISTRIBUTION, ETC. |
| Place of publication, distribution, etc. |
New yark |
| Name of publisher, distributor, etc. |
Sterling |
| Date of publication, distribution, etc. |
2017 |
| 300 ## - PHYSICAL DESCRIPTION |
| Extent |
340p. |
| 942 ## - ADDED ENTRY ELEMENTS (KOHA) |
| Koha item type |
Book |